| 000 | 02578nam a2200457 i 4500 | ||
|---|---|---|---|
| 001 | 193217 | ||
| 003 | SpMaBN | ||
| 005 | 20250630060303.0 | ||
| 007 | ta | ||
| 008 | 231009s2021 sp 000 f spa | ||
| 017 |
_aB 7345-2016 _bOficina Depósito Legal Barcelona |
||
| 020 | _a9788466333740 | ||
| 035 | _a(OCoLC)982073393 | ||
| 035 | _aa5913822 | ||
| 040 |
_aSpMaBN _bspa _cSpMaBN _erdc _dES-MaACL |
||
| 080 | _a821.112.2-31"20" | ||
| 100 |
_aWolf, Daniel, _d1977- _0XX5545336 _9234298 _eaut |
||
| 245 | 1 | 3 |
_aLa sal de la tierra / _cDaniel Wolf ; traducción de Carlos Fortea |
| 250 | _aSéptima reimpresión: julio de 2021 | ||
| 260 |
_a[Barcelona] : _bDebolsillo, _c2021 |
||
| 300 |
_a890 páginas ; _c19 cm |
||
| 336 |
_aTexto (visual) _2isbdcontent |
||
| 337 |
_asin mediación _2isbdmedia |
||
| 338 |
_2rdacarrier _avolumen |
||
| 490 | 1 |
_aBestseller ; _v1164/1 |
|
| 500 | _aGlosario: p. 885-[889] | ||
| 500 | _aPrimer libro de la saga de los Fleury. | ||
| 520 | _aUna apasionante novela histórica de ideales y amor que muestra un magnífico retrato de la sociedad medieval del siglo XII. Ducado de Alta Lorena, 1187. Tras la muerte de su padre, el joven mercader de sal Michel de Fleury se hace cargo de los negocios familiares. Son tiempos difíciles para los comerciantes, ya que la avaricia del clero y el despotismo de la nobleza gravan con abusivos impuestos a los mercaderes y sumen al pueblo en la miseria. Es entonces cuando el carismático Michel decide desafiar a los poderosos para cambiar las opresivas leyes del comercio y abanderar las ansias de libertad de un pueblo. Sus medidas, revolucionarias para la época, lo envuelven en una mezquina lucha de poderes. Así que, cuando propone construir un puente alternativo para evitar las tasas de los señores feudales, sus enemigos harán todo lo posible por derrotarlo, hasta el punto que verá peligrar su vida y la de la mujer a la que ama... | ||
| 534 | _pTraducción de: Das Salz der Erde | ||
| 655 | 7 |
_aNovelas históricas _2tgfbne _9226782 |
|
| 700 | 1 |
_aFortea, Carlos, _d1963- _etrl _951844 |
|
| 830 | 0 |
_aBestseller (Barcelona) _9235724 |
|
| 852 |
_aES-MaACL _9200601 _bR.154717 _jN-9491 _cDEPOJ _hDonación: Carlos Fortea _xEncuadernación rústica |
||
| 903 |
_aFortea, Carlos, _d1963- _ednr _951844 |
||
| 942 |
_n0 _cMONOGRAFIA |
||
| 999 |
_c193217 _d193217 |
||